00994cam a2200301 a 450000100060000000300080000600500170001400800390003102000150007003500190008503500230010403500270012703500190015403500160017304000350018904100080022408200210023224500810025325000120033426000410034630000350038749000780042250000060050050400490050665000260055570000350058183000760061619232BD-RjUL20211209000413.0140223s1982 caua b 001 0 eng a0875895425 a(OCoLC)8554318 a(OCoLC)ocm08554318 a(CStRLIN)NYCG83-B23702 a(BD-RjUL)19290 a(NNC)149559 aBD-RjULbengcBD-RjULdBD-RjUL aeng0 a658.404219bADM04aThe Administration of sponsored programs /cKenneth L. Beasley ... [et al.]. a1st ed. aSan Francisco :bJossey-Bass,c1982. axxiv, 433 p. :bill. ;c24 cm.1 aThe Jossey-Bass higher education and social and behavioral science series a. aIncludes Bibliography: p. 410-417 and index. 0aResearchxManagement.1 a Kenneth L.Beasley ...[et al.] 0aJossey-Bass higher education and social and behavioral sciences series.